000
00241nam a2200097Ia 4500
001
646905
005
20250826153652.0
008
250824s9999 xx 000 0 und d
245
0
_a
ÇUVALDİKEN KASABASI
_c
FERDA İZBUDAK AKINCI
260
_b
TUDEM
999
_c
646905
_d
646905